Cities on US Route 20 - Statistics

General Stats
  • This quiz has been taken 17 times
  • The average score is 29 of 133
Answers on the Map
Answers color-coded by a green-red scale on the quiz's map according to % correct below.
 
Answer Stats
State County Answer % Correct
New York Albany Albany
93%
Oregon Linn Albany
93%
Idaho Ada Boise
87%
Massachusetts Suffolk Boston
87%
Illinois Cook Chicago
87%
Ohio Cuyahoga Cleveland
87%
Massachusetts Worcester Worcester
87%
Pennsylvania Erie Erie
80%
Massachusetts Hampden Springfield
80%
Ohio Lucas Toledo
80%
Oregon Lincoln Toledo
80%
Wyoming Natrona Casper
67%
Indiana Lake Gary
67%
Iowa Sioux City
67%
Oregon Deschutes Bend
60%
Massachusetts Berkshire Pittsfield
60%
Illinois Rockford
60%
Indiana Saint Joseph South Bend
60%
Idaho Bonneville Idaho Falls
53%
Illinois Elgin
47%
Indiana Elkheart Elkhart
47%
Iowa Dubuque Dubuque
40%
New York Ontario Geneva
40%
Ohio Ashtabula Geneva
40%
Indiana LaPorte Michigan City
40%
Oregon Lincoln Newport
40%
Idaho Canyon Caldwell
33%
Oregon Benton Corvallis
33%
Indiana Lake Hammond
33%
Idaho Ada Meridian
33%
Idaho Madison Rexburg
33%
Massachusetts Hampden West Springfield
33%
Ohio Ashtabula Ashtabula
27%
New York Cayuga Auburn
27%
Oregon Harney Burns
27%
Indiana Lake East Chicago
27%
Ohio Lorain Elyria
27%
Massachusetts Middlesex Marlborough
27%
Massachusetts Hampden Palmer
27%
Nebraska Dakota South Sioux City
27%
Massachusetts Middlesex Waltham
27%
Iowa Black Hawk Waterloo
27%
Massachusetts Hampden Westfield
27%
Indiana Steuben Angola
20%
New York Ontario Canandaigua
20%
Iowa Black Hawk Cedar Falls
20%
Wyoming Converse Douglas
20%
Idaho Ada Eagle
20%
Ohio Cuyahoga Euclid
20%
Ohio Cuyahoga Lakewood
20%
Ohio Lake Mentor
20%
Indiana Saint Joseph Mishawaka
20%
Idaho Canyon Parma
20%
Indiana Porter Portage
20%
Massachusetts Middlesex Watertown
20%
Nebraska Dawes Chadron
13%
Ohio Cuyahoga East Cleveland
13%
Illinois Stephenson Freeport
13%
Ohio Sandusky Fremont
13%
Iowa Black Hawk Hudson
13%
Oregon Linn Lebanon
13%
Ohio Lucas Maumee
13%
Idaho Elmore Mountain home
13%
Ohio Lorain Oberlin
13%
Ohio Wood Perrysburg
13%
Idaho Star
13%
Oregon Malheur Vale
13%
Nebraska Cherry Valentine
13%
Indiana Lake Whiting
13%
Nebraska Brown Ainsworth
7%
Idaho Butte Arco
7%
Idaho Freemont Ashton
7%
Ohio Bellevue
7%
Illinois Boone Belvidere
7%
Idaho Butte Butte City
7%
Idaho Blaine Carey
7%
Ohio Ashtabula Conneaut
7%
Iowa Woodbury Correctionville
7%
Nebraska Dawes Crawford
7%
Iowa Delaware Delaware
7%
Iowa Grundy Dike
7%
Iowa Dyersville
7%
Illinois Elmhurst
7%
Iowa Dubuque Epworth
7%
Iowa Black Hawk Evansdale
7%
Idaho Camas Fairfield
7%
Iowa Dubuque Farley
7%
Idaho Ada Garden City
7%
Oregon Harney Hines
7%
Iowa Ida Holstein
7%
Iowa Buchanan Independence
7%
Idaho Freemont Island Park
7%
Nebraska Cedar Laurel
7%
Iowa Woodbury Lawton
7%
Iowa Delaware Manchester
7%
Iowa Woodbury Moville
7%
Ohio Lorain North Ridgeville
7%
Ohio Huron Norwalk
7%
Iowa Hardin Owasa
7%
Ohio Lake Painesville
7%
Iowa Dubuque Peosta
7%
Oregon Benton Philomath
7%
New York Rensselaer Rensselaer
7%
Idaho Jefferson Rigby
7%
Ohio Cuyahoga Rocky River
7%
Idaho Freemont Saint Anthony
7%
Oregon Deschutes Sisters
7%
Idaho Madison Sugar City
7%
Idaho Bonneville Ucon
7%
Iowa Hamilton Webster City
7%
Ohio Cuyahoga Westlake
7%
Ohio Lake Wickliffe
7%
Ohio Lake Willoughby
7%
Iowa Buchanan Winthrop
7%
Nebraska Holt Atkinson
0%
Nebraska Rock Bassett
0%
Ohio Sandusky Clyde
0%
Illinois Cook Countryside
0%
Illinois Jo Daviess East Dubuque
0%
Nebraska Sheridan Gordon
0%
Nebraska Sheridan Hay Springs
0%
Illinois Cook Hickory Hills
0%
Illinois McHenry Marengo
0%
Idaho Canyon Notus
0%
Oregon Malheur Nyssa
0%
Nebraska Holt O'Neill
0%
Nebraska Pierce Osmond
0%
Illinois Cook Palos Hills
0%
Nebraska Pierce Plainview
0%
Nebraska Cedar Randolph
0%
Nebraska Sheridan Rushville
0%
Oregon Linn Sweet Home
0%
Ohio Fulton Wauseon
0%
No matching quizzes found
Score Distribution
Percent of People with Each Score
Percentile by Number Answered
Your Score History
You have not taken this quiz